000 00355cam a22001217a 4500
008 180718b1987 xxu||||| |||| 00| 0 eng d
082 _aQ45x5442 M277
100 _aMahale, Meera N.
245 _aThe adolescents: their family situations and the education
_cby Meera N. Mahale
260 _aDelhi
_bMittal
_c1987
300 _a424p.
650 _aYouth - India
999 _c348577
_d348577